Statistics for Most Valuable Players in the World

Click here to take the quiz!

General Stats

  • This quiz has been taken 40 times
  • The average score is 17 of 20

Answer Stats

PlaceMarket ValueClubNationalityPlayer Name% Correct
2.€180.00mManchester CityNorwegianErling Haaland
100%
1.€180.00mReal MadridEnglishJude Bellingham
100%
3.€180.00mParis Saint-GermainFrenchKylian Mbappé
100%
4.€150.00mReal MadridBrazilianVinícius Júnior
97%
12.€110.00mBayern MunichEnglishHarry Kane
94%
5.€120.00mArsenalEnglishBukayo Saka
91%
7.€110.00mManchester CityEnglishPhil Foden
91%
10.€110.00mArsenalEnglishDeclan Rice
89%
14.€100.00mReal MadridBrazilianRodrygo
89%
6.€110.00mBayern MunichGermanJamal Musiala
86%
8.€110.00mInternazionaleArgentineanLautaro Martínez
86%
17.€90.00mBarcelonaSpanishPedri
86%
20.€90.00mManchester CityArgentineanJulián Álvarez
83%
9.€110.00mNapoliNigerianVictor Osimhen
83%
18.€90.00mBarcelonaSpanishGavi
80%
15.€100.00mReal MadridUruguayanFederico Valverde
77%
11.€110.00mManchester CitySpanishRodri
77%
19.€90.00mReal MadridFrenchEduardo Camavinga
74%
16.€90.00mChelseaEcuadorianMoisés Caicedo
71%
13.€100.00mBayer LeverkusenGermanFlorian Wirtz
69%

Score Distribution

Percentile by Number Answered

Percent of People with Each Score

Your Score History

You have not taken this quiz